书目信息 |
| 题名: |
上尉的女儿
|
|
| 作者: | 普希金 著 ;冯春 译 | |
| 分册: | ||
| 出版信息: | 上海 上海译文出版社 2002.03 |
|
| 页数: | 236页 | |
| 开本: | 19cm | |
| 丛书名: | ||
| 单 册: | ||
| 中图分类: | I512.44 | |
| 科图分类: | ||
| 主题词: | 文学 | |
| 电子资源: | ||
| ISBN: | 7-5327-2730-0 | |
| 000 | 00657nam0 2200217 45 | |
| 001 | 0431898233 | |
| 005 | 2004061808513823 | |
| 010 | @a7-5327-2730-0@dCNY 11.00 | |
| 100 | @a20040618d2002 km y0chiy0120 ea | |
| 101 | 0 | @achi |
| 102 | @aCN@b310000 | |
| 200 | 1 | @a上尉的女儿@AShang Wei De Nu Er@e普希金小说选@f(俄)普希金著;冯春译@F(E)Pu Xi Jin Zhu;Feng Chun Yi |
| 210 | @a上海@c上海译文出版社@d2002.03 | |
| 215 | @a236页@d19cm | |
| 517 | @a普希金小说选@APu Xi Jin Xiao Shuo Xuan | |
| 606 | 0 | @a文学 |
| 690 | @aI512.44@v3 | |
| 701 | 0 | @a普希金@APu Xi Jin@4著 |
| 702 | 0 | @a冯春@AFeng Chun@4译 |
| 801 | 0 | @aCN@bPFT@c20040618 |
| 905 | @a安徽大学@dI512.44@eP962 | |
| 上尉的女儿:普希金小说选/(俄)普希金著;冯春译.-上海:上海译文出版社,2002.03 |
| 236页;19cm |
| ISBN 7-5327-2730-0:CNY 11.00 |
| ● |
| 相关链接 |
|
|
|
正题名:上尉的女儿
索取号:I512.44/P962
 
预约/预借
| 序号 | 登录号 | 条形码 | 馆藏地/架位号 | 状态 | 备注 |
| 1 | 381689 | 203816898 | 文学库116/400B社科库 22排4列5层/ [索取号:I512.44/P962] | 在馆 | |
| 2 | 381690 | 203816905 | 文学库116/400B社科库 22排4列5层/ [索取号:I512.44/P962] | 在馆 |